Every Ending in "The Easiest Game On Roblox" - Statistics

General Stats
  • This quiz has been taken 51 times
  • The average score is 50 of 89
Answer Stats
Hint Answer % Correct
Reset Character Reset
82%
Push the Cheese Ball into the abyss. This turns the abyss from black to yellow. Jump into the abyss, and you'll be teleported to the Cheese Area. Cross the bridge and touch the cheese. Cheese
79%
Walk forward until you get to the wooden bridge and jump into the dark abyss. Fell
79%
Push the Cheese Ball into the Trophy. The Trophy will then transform into a super trophy. Touch it to get the ending. Super Win
76%
Touch The trophy, pretty simple You Won!
76%
Go to the Cheese Area, then get the Cheese (Item). Push the ball to the tree, preferably the Apple Ball due to it being bigger. Feed it and quickly get on top of the ball to jump on the tree and climb onto the invisible truss. Keep climbing and stop near the clouds to avoid getting to the Cloud Area. Wait until the ball makes a pop sound, indicating that its over. The Golden Cheese will be where the ball was upon feeding it. Upon eating it you will get the ending. Golden Cheese
73%
To get "Stuck" ending, go to cheese area, then push the ball into the spawn. Pull the lever, go down and go in the hole, then sit on the chair. Stuck
73%
type in the chat "/e dance" or "/e dance2", then wait out the disco party sequence. Dance Party
70%
To get it, go to the VERY edge of the pit (with only half of your character's foot on the platform) and type /e dance2, then turn on shiftlock and position yourself so that you fall into the pit. Once you do that, you are in the Disco Ball Area, where you can touch the Disco Ball trophy. Disco Ball
70%
Type "/e dance" or "/e dance2" into the chat, and after triggering the dance party sequence, reset. Party Pooper
70%
To get "Super Dance Party" ending, get to the Disco Ball Area and dance there, and soon enough, you will get it. Super Dance Party
70%
Push the Cheese Ball into the pit until it becomes an Apple Ball. When the pit turns red, jump into it and then touch the Apple to get the ending. Apple
67%
Enter the Cheese Area, cross the bridge and get the Cheese (Item). After receiving the item, walk to the Cheese Ball while holding the Cheese (Item) and feed it. After a few seconds, music will start playing and shortly the Cheese Ball or will start expanding in size. inevitably getting consumed by it and getting the ending. Note that you do not strictly need the Cheese ball to get this ending, the Cheese (Item) has the same effect on the Apple ball or the Grape ball. this is certain. Consumed
67%
To get “Toxic Death” ending, you have to get to the Sewers and die (this can be done by jumping into the sewer water). This will award you with the “Toxic Death" ending Toxic Death
64%
To get the Unstuck ending, go to the Cheese Area and obtain the Cheese. Then, go to the The Sewers and go right on top of The Rat with the Cheese held out. Then, get The Key from the Rat (because it is distracted), and go to the Stuck Pit via pushing the ball into the checkpoint and switching the lever. Next, open the grey door with the Key and go onto the purple portal. You will then be teleported to The Unstuck Prison, where you will get the ending after a couple seconds of waiting. Unstuck?
64%
First, go to the cheese area with the cheese ball. Then get the cheese item by clicking the big cheese until it appears in your inventory. Go to the sewers. Feed the rat the cheese and get it's key, and then give the key to Keith by clicking backspace. After Keith is free, you need to go behind him, where you will find the moldy cheese on the ground. Pick it up and go to the surface. To get the ending, you have to feed the moldy cheese to Keith Ascension
61%
Keep pushing the Cheese Ball until you get an Apple Ball, then push it near the tree, then jump on it. Then climb the invisible truss to the cloud. After that, touch the cloud to get the ending. Cloud
61%
There is a rare chance the ball will say a message consisting of these emojis: a rat, a money bag, a yellow circle, cheese, a red circle and a throphy. This is your hint. To actually get this ending, you need to click the items in that specific order. So basically, click the rat in the sewers, money bag (you can just zoom in on it and click), Cheese Ball, cheese from Cheese Spawn, Apple Ball, and finally the trophy in Spawn. If you did it right, the spawn should turn black and white and the trophy has been replaced by a dominus. Touch it to get the ending. Make sure to click these items in the exact order shown above. Also, click each object only once, and do not click anything else besides the items listed above. Dominus
61%
Go to the Cheese Area and grab the cheese. Drop it on the planks to grab a plank, and then access the Underground ending[lower-alpha 1], but not get it. Put the plank into one of the torches' fire and while holding the on-fire plank light the un-lighted torch. Wait for the fire sequence to give you the ending. Fire
61%
Go to the Sewers and take the Sword from the Rat. After that, use the Sword on the Tree at the Main Spawn (or any area). Then, push the Tree Ball and fuse it with Cheese Ball (or any character ball). Once you've done that, push it into the pit and jump once it turns green, then cross the bridge and touch the Tree Trophy. Forest
61%
First, get the golden cheese. (How to do so is on the golden cheese page.) You're going to need to be in the apple area so you can get the golden apple. Then jump on the golden apple and eat the golden cheese such that you will touch the apple after eating. One way to do this is to jump off the obby from the Obby Ending. Gold Bar
61%
Go to the cheese area and get the cheese. Then go in the Sewers and touch the rat while holding the cheese. Grab the key and free Keith by pressing Backspace at the prison door. Walk inside the black wall and click on the skull to get it. Once you have the skull, fall into the spawn and you should be in the main spawn. Walk into the hole at the left of the pit and click the clock that is inside. Make your way back to the spawn and you can see that the trophy has now become a moon. Touch the moon to get the badge. Moon
61%
At Spawn turn 180° and jump on the ledge which doesn't require any help to climb, then jump on the left platform and jump to another platfrom that's on the left. There will be a wall which isn't able to be climbed on the left now make sure to lign yourself up with the platform on the left and the wall infront so that you are touching both of them and reset your character. You should now be at The obby. Now complete any of the 5 randomly chosen obbies and touch the blue winpad to get the ending. You can see how to beat them at the obby page. Obby
61%
Set your avatar's skin tone to the following via Roblox advanced skin tone editor:Note! You must be on roblox.com to change to these colors, recent updates have disabled this feature in the Roblox application. Head to bright green Torso to blue Left arm to white Right arm to yellow Left leg to black Right leg to pink After that, join the game and go to the Paintbrush area. Then say the following phrase "RainbowLeaveTheEyeOfThisWorld" Then get the Paintbrush ending and rejoin. After that, get to the Stuck area and touch the side door. Make sure to not click the door. The room should be colorful instead of having the pit of death, and there should be a badge giver with a magic carpet on it. Touch it to get the ending. Rainbow
61%
Make your way to the Sewers, then steal the key from the Rat, and after it pulls out its sword, quickly click it to steal it. This will give you the Sword item. After getting the sword item, make your way back to the Spawn using the truss in the sewers. After teleporting back to the Spawn, use the sword on the Cheese Ball to make it split into a tinier version of the Cheese Ball and a Sad Ball. Push the Sad Ball into the pit to make the pit turn cyan, and then jump into the pit to teleport to the Sad Area. Then cross the bridge and touch the Sad Ball. Sad
61%
Push the ball to the other side, the side where the trophy is. To do this, you will need cheess ball or Apple Ball. There will be a dark part at the cliff. Push the ball to the dark side, and the wall will break. Go to the break wall, and you will be in a mine and a bomb. Find a dark hole and jump into it. You will die by spikes and get the ending. Spiky
61%
Push the ball to a dark colored part near the trophy to gain access to The Mine. Enter it, then wait 2 minutes to get the ending. Collapse
58%
Go to the Sewers and free Keith using the key. Go to the back of Keith's cell and grab the skull. Then reset and wait for fifteen seconds. You should get the ending. Ghost
58%
Go to the Apple Area, click at apple. It will give you two random numbers. For example: 17-22. That means you have to click after 17 seconds, but before 22 seconds. You will hear a beep if you did that correctly. Now repeat that two times, and collect the Golden Apple. Golden Apple
58%
Go to the Cheese Area and get the Cheese (Item). Once you have the Cheese (Item) push a ball to the other side of the planks. Then, drop the Cheese (Item) using the backspace key onto the left plank to obtain a plank (the left plank will break, so stay on land). Climb to the top of the hill on the right side using the ball. From there, climb until you reach a short chasm and hold out the plank. This will place the plank down, allowing you to cross and get the ending. If possible, try to push a ball to the other side before breaking the plank, as the task will become much more difficult with only one plank to cross. Money Bag
58%
Go to the sewers and free Keith. After that, go into his jail cell and grab the moldy cheese. Then go back up, and make Keith fall into the pit by standing on the side where the throphy is and holding it out so he will follow you but fall in the pit. Murderer
58%
Type "ILOVEPAINT" and touch the paintbrush to get the ending Paintbrush
58%
First, get the Cheese and go to the Sewers. Feed it to the Rat and take the Key. Next, free Keith and take the Cheese (Sewers). Now push the Cheese Ball into the spawn point and pull the lever inside. After that, jump down and take Keith into the Stuck Room by holding the Cheese (Sewers) to follow you. Get him to sit on the Chair and quickly feed him the Cheese (Sewers). While with him, Keith will ascend and break through the ceiling. Once outside, go back to the Stuck Room and sit down in the Chair. Restuck
58%
Start by pushing a Ball into The Mine, then push the Ball into the spikes. Jump into the hole, and You will be at rock area. Touch the rock and you will get the ending. Rock
58%
First, go to Cheese Area. Than free Keith and get the Skull. Now, go out and jump into the pit while holding the skull. Go into a hole at the edge of the pit and click the clock. Do this one more time. The trophy will turn into sun. Touch the sun and you will get the ending. Sun
58%
To obtain the Underground Ending, go to any area. Push the ball down the spawnpoint and then hop on the ball and click the lever. Then go back to the main area and go to the corner where you reset and teleport to the obby. Finish the obby, but don't press the ending giver. Hop down to the hole in the Trophy and the ground will break. You will then get the Underground Ending. Underground
58%
Climb on the invisible truss on the tree, then jump down into the void. Void
58%
Release Keith and go get the skull. Now jump into the pit while holding the skull, find a little hole in the right and go inside it. Click the clock inside and do the same thing again and go back to spawn. Push the ball into the sun and push the ball into the pit. Jump inside the pit WHILE holding the skull. Step on the winpad to get the ending. Ablaze
55%
Go to the cheese area and spam click the big cheese until you get the cheese.Then, use backspace while holding the cheese on the big cheese, if you do it right you will get an even bigger cheese. Touch it to get the ending. Big Cheese
55%
To get the Burger ending, you have to do the Lost ending. When you retry, Keith will not appear in his prison cell and you can open the door without losing the key. Grab the key and the skull, then go to the Cheese Area. Push the Cheese Ball to the spawn pit, jump and click the lever. Go to the Stuck Pit and open the door with the key. Reset holding the skull, then touch the burger. Burger
55%
Free Keith from his prison cell, then grab the moldy cheese and go to the surface. Go into the cheese area and lead Keith to the cheese in that area. He will then eat the big cheese and realise that might have been too much cheese for him. He will then explode and you will get the ending. Explosion
55%
To get the Flood Ending, you must complete the Sad Ending 3 times in a row, pressing retry each time. The final time you press restart, it will be raining so hard that the map starts to flood. Wait for a small amount of time and then the flood will reach you and give you the ending once touched, along with killing your character. Flood
55%
First, go to the Vault area.Then, use up all your attempts, and when the attempt count hits 0, run to the door behind you. Now, look up from the side closer to the vault room. The lights should be red. Now, they should start flashing individually. This is actually a code that you will need. The top left is 1, the top right is 2, the bottom left is 3, and the bottom right is 4. When the corresponding light flashes, note down the number. After 14 flashes, the lights will turn red again, and you will get the Lockdown ending. Your code should be something like this: 34132312321232. Note: the code is randomized every time. Press "Retry". When you're back at spawn, look facing the trophy. Now, jump once on each corner of the spawn platform based on the code. 1 is the bottom left, 2 is the bottom right, 3 is the top left, 4 is the top right. If you did it correctly, the map should turn black and purple. Go to the glitched trophy. You're welcome! Glitched
55%
Keep pushing the Cheese Ball into the pit until it becomes the Grapes Ball, then push the Grapes Ball into the pit. When the pit turns purple, jump into it and you should be teleported to the Grapes Area. Then make your way over the bridge and touch the grapes. Grapes
55%
Go to the corner and reset. You will be teleported to the obby and touch the lava. Lava
55%
Repeat what the Cheese Ball says until you get struck by lightning. In order, the Cheese ball will say: 'stop copying me.' 'i said stop copying me.' 'STOP IT NOW!' and then you get struck by lightning after copying the last interaction. Make sure to repeat exactly what the ball says (punctuation and capitalization count!) Lightning Strike
55%
Free Keith from his jailcell and grab the moldy cheese. Then, lead him to the Stuck Pit and jump there. After you do that, make him sit on thechair, and but don't go with him once he goes down. When the entrance opens, jump down. You are now at the vault. Go to the keypad and just use up all of your attempts. Once it hits 0, alarms will go off and the doors will shut, with Antonio waking up angry, triggering the ending. Lockdown
55%
You're going to need to bring Keith to the stuck area. In order to do that, you're going to need the moldy cheese so Keith can follow you, and you do the steps of the stuck ending. When the trophy is dismantled, lure Keith into the stuck area on the stuck chair, If you succeed, you will hear a ding sound when Keith sits on the chair. Jump into the hole and go to Keith, and you get the ending. Lost
55%
Go outside the map from the invisible ladder on the tree to outside. Next, find a landmine looking button. Step on it and you will get the ending. Mine
55%
go to the cloud dimension 6 times, then get to the winpad. you will know you reached the mirror dimension when you hear different music and the winpad cloud changes to a mirror Mirror
55%
Firstly, go to the obby, then, touch the black part. Once it turns green, go back down and get back to the obby again. You have to do this five times, until you get a red winpad. Touch it to get the ending. Obby Master
55%
Go to the Sewers, go to the side opposite Keith, and take the Key from the rat. A short cutscene shall then commence, and you will receive the ending. Rat Attack
55%
Go to the Sewers and open Keith's prison cell. Then, grab the Moldy Cheese and eat it. You will then die out of poisoning and get the ending. Sick
55%
Go to the sewers and free Keith, then grab the skull. After that, go into the cave and find a skeleton body. Once you found it, put the head on the skeleton body to make it alive. After the skeleton flys out of the cave you will get the ending. Skeleton
55%
Firstly, go to the apple area. Click the apple, you see those random numbers? (all of it becomes -5) Lets say you get 41-46 in the 4th one, so the code starts with 4, and do it until the 9th 41-46. (It stops after 50) Next get Keith out from his prison cell and then lead him to the stuck pit without you. let him sit on the chair without you coming then go in once it has opened. Put the code into the vault and get the ending Vault
55%
Push the yellow ball into the pit, and jump inside of it, Get the Cheese from cheese world, Go down into the sewers, Give The Rat the Cheese, and then take the key when it sleeps. Then, give Keith the key to free him from his prison cell. Grab the moldy cheese from the prison cell, you'll need it later. Then go back into the main world and push the ball into the spawn. Now aim your camera so that it is inside the spawn until you see the lever, click the lever, and then jump into the white portal. Now that you are in the main world, lead Keith Into the Stuck Pit, and make him sit on the chair, and then give him the moldy cheese while he goes down. Now just wait a few minutes and you should get the ending. Acrophobia
52%
Go to the forest dimension by following the steps of the Forest ending. Then, cut down all the trees with the sword (you'll need to cut down all of the other trees before cutting the main tree.) You'll need a Plank to reach some of the trees. When trying to cut down the main tree, make sure not to touch the win pad, as that would result in the Forest ending. After the main tree is cut down, touch the tree to get the ending. (You can use the Obby stages to get to certain places if needed!) Deforestation
52%
Get the Lost Ending, rejoin.Go to the Cheese Area, get the Cheese and feed The Rat in the Sewers it. Use the Key and get the Skull. Push the ball into the Spawn Location, click a lever inside it and jump into it. Go to the Stuck Pit, use the key on the Door and drop the Skull into the portal, rejoin. Collect the Skull from the portal, enter the sewers and try steal the key without feeding the Rat cheese. After 5 seconds or so they'll talk and pull out a sword, quickly click the Sword to collect it. Leave the sewers. Cut the tree with the sword and push the leaves into the Ball, merging them. While holding the skull, enter the pit and a secret room in it. Click a Clock it it, do this twice and the trophy will become a sun. Very carefully push the Ball into the sun, setting them on fire. Push them into the pit and join them in it. You'll appear in a burning version of the forest, touch the Burning Tree Trophy. Forest Fire
52%
Join the game with no hats equipped, Once fully loaded, reset. Once the rejoin button has appeared, Do the following:Equip the International Fedora - France accessory and hit Retry, Say "hi" to the ball once, then reset. Wait for the Retry button to appear, Equip the International Fedora - Germany accessory and hit Retry, Say "hi" to the ball twice, then reset. Wait for the Retry button to appear, Equip the International Fedora - Russia accessory and hit Retry, Say "hi" to the ball three times, then reset. Wait for the Retry button to appear, Equip the International Fedora - Poland accessory and hit Retry, Say "hi" to the ball four times, then reset. Wait for the Retry button to appear, Equip the International Fedora - Japan accessory and hit Retry, Say "hi" to the ball five times, then reset. Rejoin for the last time, and the Trophy should be replaced with a globe. Simply walk into it to get the badge. Do note that this ending is very glitchy, and can give you the You won! ending instead. If that happens, simply re-do the previous steps after rejoining starting with no equipped hats. Globe
52%
Go to the Sewers and feed the Rat the Cheese. Then, get the key and drop it to Keith. Once he opens his cell, grab the Skull and reset while holding it. Then go through the bars right next to the sleeping rat and touch the Golden Rat. Golden Rat
52%
go to the cloud dimension 7 times. Just, dont get the cloud ENDING otherwise it won't work. the world will become invisible. then try to get to the winpad. it has sparkles so that you know where to go. Invisible
52%
Go to the sewers and steal the sword from the rat. Then go to Keith's prison cell and attempt to kill Keith. When Keith's health is almost depleted, he will pull out a laser gun and shoot you. After that, you should obtain the ending. KO'd
52%
Start by going to the Sewers, and then take the key from the rat. Wait until he pulls out his sword, and then click it to take it, and then leave the Sewers. Then, go to the Cheese Area and use the sword and slice the cheese trophy until there's nothing left, step on the cheese trophy to get the ending. Little Cheese
52%
Go to the Vault from the Lockdown ending. Then, go to the keypad and spam numbers randomly without pressing green. After some time of spamming, the numbers will disappear and will flash words along the lines of "ERROR", "SYSTEM OVERLOADED", and "ERROR ERROR ERROR ERROR". The digital display of numbers will then turn off, and you'll get the Overloaded ending. Overloaded
52%
Go to cheese, cloud, apple, grapes, sad, forest, or other places other than spawn. Then push the ball to the spawn area so you can click the lever. Then fall to go to spawn and go to the stuck pit. Then, click the door a bunch of times until it opens, then fall in the Pit of Death. Pit of Death
52%
To get the Rubber Ducky ending, you have to get the Sad ending 3 times in a row, then quickly move a ball to the tree and climb up near the cloud. Wait. Rubber Ducky
52%
go to the cheese world, push the ball into the spawn, flick the lever and a number should show up on the rim of the spawn hole. remember that number. go to the main world by going through the spawn portal, then click the spawn as many times as the number that you got. then, get the stuck ending. after rejoining, the spawn should be red. repeat all the above one more time, and then you will be teleported to the spawn world when joining again. touch the spawn at the other side to get the ending. Spawn
52%
First, get the Beam ending. After that, wait for a UFO in sky shoots a green laser beam. go into the beam and soon you will be in the ufo. Wait until you get the ending. Abducted
48%
Firstly, you need to get the Lost ending. Afterwards, go to the stuck area with the key and moldy cheese. (You can have both at the same time because Keith is gone.) Open the metal door with the key and drop the moldy cheese on the ground. (There will be a purple swirl indicating where to drop it.) Reset your character and click the retry button. The purple swirl will appear again, giving you cheese. Go the cheese dimension and click the cheese. (You now should have 2 cheese in your inventory.) Now feed any type of ball 2 cheeses. Then wait for it to kill you and you get the ending Angry
48%
To get the Black Hole Ending, firstly, get the Lost ending. Then, spawn Obby 1 and 2. Now, get the moldy cheese and the key. Throw the ball into the checkpoint pit, activate the lever, feed the cheese to the ball and fall so you go back to the surface. Now reset at the corner to teleport to the obbys and jump from the orange tile to the tree, and climb it up. (It's worth noting that if you jump from the purple tile you can jump straight into the invisible ladder, but it's harder) Next, wait until the ball pops and collect the cheese. Since the ball is gone and the golden cheese is below the spawn, you'll have to type "ILOVEPAINT" in chat to be able to go to an area where you can get it. Go to the Stuck pit and open the Portal room. Throw the Golden cheese inside and reset. Now feed the golden cheese to the ball, and die. Black Hole
48%
First, get the Lost ending. After that, go to the Cheese Area and get the Cheese (Item). Now go to Sewers and feed the rat with the cheese. Once it falls asleep, get the cheese and open the prison cell and get the Cheese (Sewers) and go back to the Cheese Area. Now push any balls into the spawn point (Grape Ball will not work) and go on the cheese ball. Pull the lever, and go into the white portal under you and you will be at the Main Spawn, but the trophy will be broken. Jump into the hole where the trophy was and now you are in Stuck Pit. Go to the door that has nothing written on it and open it with the key. Drop the cheese into the purple portal and reset. After rejoining, the cheese will be next to you. Grab the cheese and go to the Cheese Area, get another cheese. Now go into the checkpoint and feed the ball with both cheese. Quickly, hide behind the trophy. The ball will become dark-red and it will shoot laser, but the laser will hit the trophy and break it. Touch the trophy and get the ending. Broken
48%
To get the ending, you will need to find and press all 10 buttons around the map in a certain order.You can use your mouse to click the button on a computer, or use your finger on mobile. You can leave the game after clicking a button, your progress will save. Go to the Vault area and press the button under the table. Rejoin the game. Get the Cheese (you'll need it later), go to the Sewers and find a button under the bridge with the ladder. Free Keith and get the Skull, and go to the Clock area. The button is on the top of the back side of the pathway. Leave by clicking the clock. Now go to the Cave area, and find a button near the cyan crystal. Leave by saying "ILOVEPAINT" in the chat. Now go to the Stuck pit, and spam click the door on the right. When the door opens, look behind it, there should be a button. Rejoin the game. Now go to the 4th obby, and find a button behind the tunnel. Now jump down onto the map's walls, and find a button under the map. Now go to the Cloud area, and click the button behind the cloud. (This does NOT require Lost ending btw, I checked like 3 times) Go to the Apple area, and find a button at the back of the map. Last button! Go to the Cheese area, look through the sewers pathway, and click the button there. You should now be transported to an area full of buttons, walk over to the winpad to claim the ending! Button
48%
To get the ending feed the rat with cheese get the key and free Keith get the moldy cheese and push the ball in the spawn after that click the lever and get in the white portal bring Keith in the stuck pit and hold the moldy cheese near planks when you hear a sound get in the stuck pit and wait (don't get with keith in the hole) when keith disappear get in and you will be at the vault feed Antonio with the moldy cheese and you will get the ending. Caught
48%
Firstly, go to the obby, then go to the black part. Once it turns green, jump down and get back to the obby. Once the colorful jumps appear, click them in the order of a rainbow (Red, Orange, Yellow, Green, Blue and finally Pink) then wait out the color sequence to get it. Colorful
48%
First, get the Lost ending. Afterwards, go to the stuck area with the key and moldy cheese (You can have both at the same time because Keith is gone.)Open the metal door with the key and drop the moldy cheese on the ground (There will be a purple swirl indicating where to drop it.) Reset your character and click the retry button. The purple swirl will appear again, giving you cheese. Go the cheese dimension and click the cheese. (You now should have 2 cheese in your inventory.) Go to sewer and take the sword from the rat. Go back up and fall through the spawn point to get back to the Main world. Feed the ball the 2 cheeses and quickly go to the the obby. When the ball goes red and comes up to the middle of the map and begins shooting lasers, jump off the obby onto his head and stab him with the sword (if the sword seems to be doing nothing, try moving down SLIGHTLY so the blade actually hits the ball.) When he dies collect the Diamond Cheese and eat it. Please note, theres a chance the cheese can glitch underground from the falling angry balls dropping on top of it, if that happens you'll have to re-do the entire ending starting from the Lost ending. Diamond Cheese
48%
Go to Sewers. Do you see many garbage bags? You need to put any 3 items in it. Every time you put items, the bag will become bigger, and at the third time, it will start to grow by itself. When the garbage bag touches you, you will get the ending. For the 3 items, you might get Plank, Cheese (Sewers), and Skull. To get Plank, you will need to throw Cheese (Item) on the bridge, but near the ground, so the cheese doesn't fall into the pit. Engulfed
48%
First, get the Beam ending. Than find the aliens that wants sword, skull(the one that says "💀"), plank, Cheese (Item). Give each of them that items and get any three endings(until the aliens leave). The trophy will be a gift box. Touch the gift and get the ending. Gift
48%
Start off with getting the Lost ending first. Then, get the skull and go into the stuck pit. Open the door with the key and drop the skull into the portal, then just simply get any ending. Once the skull appears through the portal, grab it and get the other from Keith's prison cell. After that, go back to the surface and reset with one skull in hand, and fall into the pit while holding the second one. Finally, touch the grave to get the ending. Graveyard
48%
Start by getting the Skeleton ending.After that, get the Lost ending. Then go to the Graveyard Area and click the skeleton. Wait until it sinks and you will get the R.I.P. ending. RIP
48%
Start off by getting the Cheese, then go to the sewers and free Keith from his prison cell, and then grab the Skull. Then jump in the pit while holding the skull, and go to the room on the wall and click the clock. You are gonna have to repeat this process many, MANY times. After you do this multiple times, the clock will shatter and give you the ending after 3 lines of dialouge. Shattered
48%
Get the Sad ending, then climb up the invisible truss on the tree (you can use the Apple Ball or Cheese Ball, or you can double jump with items (holding W and space while dropping an item to jump on it and collect it again) to get on the tree ) until you reach a cloud. Then, walk into the gray cloud. Storm Cloud
48%
Get the Beam ending and kill one alien with sword. Wait until the ailens to come and kill you. Swarmed
48%
Go to the cheese area, and get the cheese. After that, get the plank by dropping the cheese on it, then pick up the cheese again. Go to the sewers and grab the key from the rat by feeding him the cheese. Now, barricade Keith's prison cell door with the plank and give him the key. After a few seconds of him struggling to open the door, you will get the ending. Trapped
48%
Get the beam ending first and go to the Sewers and take the key from the rat and grab the swordquickly and go back to the area and attack all the aliens. Annihilation
45%
First, go to the Button area. If you don't know how to get there, follow the guide in the Button ending.Now, click EVERY SINGLE BUTTON.When you're done, an animation with the buttons should play, and a beam should appear on the winpad. Go to the winpad to get the ending. This ending will trigger an alien invasion, which you can use to get 4 other endings: Abducted, Gift, Annihilation and Swarmed. Beam
45%
Go under the tree, and repeat what the ball says. Once the tree gets struck by lightning, touch the burning leaves. You will then get caught on fire, and after a few seconds get the ending. Burnt
45%
Push the yellow ball into the pit, and jump inside of it, Get the Cheese from cheese world, Go down into the sewers, Give The Rat the Cheese, and then take the key when it sleeps. Then, give Keith the key to free him from his prison cell, then go back into the main world, and type "/e dance" or "/e dance2" or "/e dance3" in chat to dance with him. (You may have to spam it a few times to get the ending) Dance Moves
42%
First, get the Skeleton ending. Then go get the golden cheese , go feed the cheese to the skeleton next to the spawn. GG you get the ending. Revived
42%
Climb the invisible truss on the tree and go to the mine. Spam click it until it turns green. Then touch it to get the ending. Destruction
39%
No matching quizzes found
Score Distribution
Percent of People with Each Score
Percentile by Number Answered
Your Score History
You have not taken this quiz